000 01310nam a2200277 4500
005 20240530110951.0
008 221212s2022 ua hf f b 000 0 ara d
017 _a2021/25824
_bمصر. دار الكتب
020 _a9789773444792
040 _aEG-CaGPL
_cEG-CaGPL
082 0 4 _221
_a953.084
_bق/م س
100 0 _aمحمد الششتاوى
245 1 2 _aالسلطان الملك الناصر فرج ابن برقوق :
_bسلطان الفتن والشدائد والمحن ومعة فصلان عن سلطنة اخية المنصور عبدالعزيز والخليفة العبتسى الستعين بالله/
_cتاليف محمد الششتاوى
250 _aط.1
260 _aالقاهرة :
_bدار الافاق العربية،
_c2022.
300 _a607 ص. :
_bايض ؛
_c24 سم.
490 0 _aموسوعة سلاطين الممالك تاريخهم اثارهم اوقافهم؛
_v11.
504 _aيشتمل على ارجاعات ببليوجرافية
600 0 _2فرج ابن برقوق
600 0 _2المنصور عبدالعزيز
600 0 _aالعبسى المستعين بالله
650 0 7 _2qrmak
_aالملوك المصرين
651 0 7 _2qrmak
_aمصر
_xالملوك والحكام
942 _2ddc
_cBK
999 _c66997
_d66997